书目信息 |
| 题名: |
太阳电池基础与应用
|
|
| 作者: | 朱美芳 , 熊绍珍 主编 | |
| 分册: | 上册 | |
| 出版信息: | 北京 科学出版社 2014.03 |
|
| 页数: | 15,428页 | |
| 开本: | 25cm | |
| 丛书名: | 半导体科学与技术丛书 | |
| 单 册: | ||
| 中图分类: | TM914.4 | |
| 科图分类: | ||
| 主题词: | 太阳能电池 | |
| 电子资源: | ||
| ISBN: | 978-7-03-039789-8 | |
| 000 | 01080oam2 2200289 450 | |
| 001 | 0120141271558 | |
| 005 | 20170418141505.98 | |
| 010 | @a978-7-03-039789-8@b精装@dCNY148.00 | |
| 100 | @a20140410d2014 em y0chiy0110 ea | |
| 101 | 0 | @achi |
| 102 | @aCN@b110000 | |
| 105 | @aak z 000yy | |
| 106 | @ar | |
| 200 | 1 | @a太阳电池基础与应用@9tai yang dian chi ji chu yu ying yong@h上册@f朱美芳,熊绍珍主编 |
| 205 | @a2版 | |
| 210 | @a北京@c科学出版社@d2014.03 | |
| 215 | @a15,428页@c图@d25cm | |
| 225 | 2 | @a半导体科学与技术丛书 |
| 330 | @a本书在阐述光伏利用太阳能的必然与重要性及的基础上。主要讲述半导体基础理论及光伏电池的基本原理与模拟设计。具体内容包括:光伏发电——人类能源的希望、光伏原理基础、晶体硅太阳电池、硅基薄膜太阳电池等。 | |
| 333 | @a本书可作为高等院校高年级本科生、研究生、相关教师的教材或参考书 | |
| 461 | 0 | @12001 @a半导体科学与技术丛书 |
| 606 | 0 | @a太阳能电池 |
| 690 | @aTM914.4@v5 | |
| 701 | 0 | @a朱美芳@9zhu mei fang@4主编 |
| 701 | 0 | @a熊绍珍@9xiong shao zhen@4主编 |
| 801 | 0 | @aCN@b人天书店@c20140410 |
| 905 | @b984494-96@dTM914.4@e145:1=2@f3 | |
| 太阳电池基础与应用.上册/朱美芳,熊绍珍主编.-2版.-北京:科学出版社,2014.03 |
| 15,428页:图;25cm.-(半导体科学与技术丛书) |
| 使用对象:本书可作为高等院校高年级本科生、研究生、相关教师的教材或参考书 |
| ISBN 978-7-03-039789-8(精装):CNY148.00 |
| 本书在阐述光伏利用太阳能的必然与重要性及的基础上。主要讲述半导体基础理论及光伏电池的基本原理与模拟设计。具体内容包括:光伏发电——人类能源的希望、光伏原理基础、晶体硅太阳电池、硅基薄膜太阳电池等。 |
| ● |
| 相关链接 |
|
|
|
|
正题名:太阳电池基础与应用
索取号:TM914.4/145:1=2
 
预约/预借
| 序号 | 登录号 | 条形码 | 馆藏地/架位号 | 状态 | 备注 |
| 1 | 984494 | 209844944 | 第二样本阅览室/ [索取号:TM914.4/145:1=2] | 在馆 | |
| 2 | 984495 | 209844953 | 第三借阅区/ [索取号:TM914.4/145:1=2] | 在馆 | |
| 3 | 984496 | 209844962 | 第三借阅区/ [索取号:TM914.4/145:1=2] | 在馆 |